000 00737nam a2200241 a 4500
008
020 _a0256094136 (pbk.)
049 _aMAIN
090 _aHD30.213
_bLOT
100 1 _aLotfi, Vahid.
245 1 0 _aDecision support systems for management science/operations research /
_cVahdi Lotfi and C. Carl Pegels.
250 _a2nd ed.
260 _aHomewood :
_bIrwin,
_cc1992.
300 _avii, 399 p. :
_bill. ;
_c28 cm.
650 0 _aManagement science
_xData processing.
650 0 _aDecision support systems.
700 1 _aPegels, C. Carl.
907 _a.b1000970x
_b10-04-18
_c17-04-03
003
005 20230123133325.0
040 _cNUST
942 _cBOOKS
_kHD30.213
_mLOT
999 _c146610
_d146610